Normal view
MARC view
- SGT. Ayaz Masud
Entry Personal Name
001 - CONTROL NUMBER
- control field: 47895
003 - CONTROL NUMBER IDENTIFIER
- control field: NUST
005 - DATE AND TIME OF LATEST TRANSACTION
- control field: 20210314133927.0
008 - FIXED-LENGTH DATA ELEMENTS
- fixed length control field: 210314|| aca||aabn | a|a d
040 ## - CATALOGING SOURCE
- Original cataloging agency: NUST
- Transcribing agency: NUST
100 ## - HEADING--PERSONAL NAME
- Personal name: SGT. Ayaz Masud
670 ## - SOURCE DATA FOUND
- Source citation: Work cat.: (NUST): SGT. Ayaz Masud , Computer Aided Slab Design Program , 26.4.2004
